000 00862cam a22002773a 4500
001 1790
003 PGUSA
005 20140828083006.0
008 990601s1999||||xxu|||||s|||||000 | eng d
040 _aPGUSA
_beng
042 _adc
050 4 _aPR
100 1 _aShakespeare, William,
_d1564-1616
245 1 0 _aTroilus and Cressida
_h[electronic resource] /
_cWilliam Shakespeare
260 _bProject Gutenberg,
_c1999
506 _aCopyrighted. Read the copyright notice inside this book for details.
516 _aElectronic text
653 _aTragicomedy
653 _aTroilus (Legendary character) -- Drama
653 _aTroy (Extinct city) -- Drama
653 _aCressida (Fictitious character) -- Drama
653 _aTrojan War -- Drama
830 0 _aProject Gutenberg
_v1790
856 4 0 _uhttp://www.gutenberg.org/ebooks/1790
942 _cEB
999 _c231133
_d231133